000
00220 a2200097 4500
001
23610
100
_a
Crowhurst, N.H
245
_a
Electronics reference data book
260
_a
_b
Tab Books
_c
1969
090
_c
15995
_d
15995
942
_a
NUST-CAE
_c
M
_c
6663
999
_c
258683
_d
258683